Statistics for Alphabet Speed Typing Test

Click here to take the quiz!

General Stats

  • This quiz has been taken 127 times
  • The average score is 16 of 24

Answer Stats

Answer% Correct
ABC
100%
DEF
95%
GHI
89%
JKL
86%
MNO
86%
PQR
83%
STU
83%
VWX
76%
CDE
65%
HIJ
63%
EFG
63%
BCD
61%
NOP
61%
KLM
60%
QRS
59%
IJK
58%
FGH
57%
LMN
57%
OPQ
56%
RST
56%
XYZ
56%
TUV
55%
WXY
54%
UVW
51%

Score Distribution

Percentile by Number Answered

Percent of People with Each Score

Your Score History

You have not taken this quiz